Capitals and Largest Cities of Afghanistan - Statistics

General Stats
  • This quiz has been taken 7 times
  • The average score is 11 of 36
Answer Stats
Hint Answer % Correct
Capitals Kabul Kabul
100%
Capitals Kandahar Kandahar
100%
Capitals Kunduz Kunduz
100%
Capitals Bamyan Bamyan
83%
Capitals Farah Farah
83%
Capitals Ghazni Ghazni
83%
Capitals Herat Herat
83%
Capitals Khost Khost
83%
Capitals Sar-e Pol Sar-e Pol
67%
Capitals Badakhstan Fayzabad
33%
Capitals Nangarhar Jalalabad
33%
Capitals Helmand Lashkargah
33%
Capitals Badghis Qala e Naw
33%
Capitals Nimruz Zaranj
33%
Largest Cities Badghis Bala Murghab
17%
Capitals Kapisa Mahmud-i-Raqi
17%
Capitals Wardak Maidan Shar
17%
Capitals Balkh Mazar-i-Sharif
17%
Capitals Takhar Taloqan
17%
Largest Cities Paktika Urgun
17%
Capitals Kunar Asadabad
0%
Capitals Samangan Aybak
0%
Capitals Panjshir Bazarak
0%
Capitals Ghor Chaghcharan
0%
Capitals Parwan Charikar
0%
Capitals Paktia Gardez
0%
Capitals Faryab Maymana
0%
Capitals Laghman Mihtarlam
0%
Capitals Daykundi Nili
0%
Capitals Nuristan Parun
0%
Capitals Logar Pul-i-Alam
0%
Capitals Baghlan Puli Khumri
0%
Capitals Zabul Qalat
0%
Capitals Paktika Sharana
0%
Capitals Jowzjan Sheberghan
0%
Capitals Uruzgan Tarinkot
0%
No matching quizzes found
Score Distribution
Percent of People with Each Score
Percentile by Number Answered
Your Score History
You have not taken this quiz